00541nam a2200181Ia 4500003000400000008004100004040001600045082001700061100002100078245010700099260005000206650001700256650000900273650002600282650001300308650001300321650002500334GCL140319s9999 xx 000 0 eng d aGCL / cGCL04a759.952bT T1 aTAKEUCHI, MELINA10aTAIGA'S TRUE VIEWS: THE LANGUAGE OF LANDSCAPE PAINTING IN EIGHTEETH CENTURY JAPAN / cTAKEUCHI, MELINA a[S.N] : bSTANFORD UNIVERSITY PRESS ، c199204aART JAPANESE04aARTS04aHISTORY AND CRITICISM04aPAINTING04aPAINTERS04aIKO TAIGA, 1733-1776